000 01061cam a22003377a 4500
003 CHAP
005 20220329133228.0
008 971013s1990 r 00010 d
010 _a3657
011 _a4629
035 _a3833
040 _cCHAP
082 _a639.543
_bZ8
100 0 0 _aZúñiga Elizalde, Mercedes.
_9124221
245 1 3 _aEl sector social en la reestructuración productiva
260 _aMéxico :
_bUniversidad Autónoma Metropolitana. Unidad Xochimilco,
_c1990
300 _a144 p
500 _aD50-232
590 _aBATCH-UPD
_b10
_c20130110
_lUCH01
_h0021
590 _aBATCH-UPD
_b10
_c20130110
_lUCH01
_h1423
590 _aBATCH-UPD
_b10
_c20130410
_lUCH01
_h0904
590 _aBATCH-UPD
_b10
_c20130914
_lUCH01
_h0332
590 _aCONVERSION
_b10
_c20130109
_lUCH01
_h1303
650 1 4 _aCamarón.
_917762
650 1 4 _aPesca cooperativa.
_987435
650 1 4 _aPesca
_xMéxico.
_987403
700 0 _aAnguiano, Arturo.
_95823
901 _aBK
942 _cLIBRO
949 _a639.543 Z8
_bBC
_cLIBRO
_d33724000103685
_eLIBRO
_h79836
_i3833
_mD
_si
999 _c3657
_d3657